000 00749nam a2200265Ia 4500
003 OSt
005 20221007110426.0
006 a|||||r|||| 00| 0
007 ta
008 221006b |||||||| |||| 00| 0 eng d
020 _a0803918844
024 _a21,111
037 _cTextual
040 _aLCO
_cLCO
_beng
041 _2eng
_aeng
082 _aY773:45, M2
100 _aMorash Merry Ed.
_9707467
245 0 _aImplementing Criminal Justice Policies
260 _aLondon
_bSage Publications U.K.
_c1982
300 _a127
500 _aSage Research Progress Series in Criminology, Volume- 26
650 _aCRIMINAL JUSTICE
_9695785
942 _hY773:45, M2
_cTEXL
999 _c1190674
_d1190674